LEADER 01556nam a2200289 a 4500 001 991002031379707536 005 20250321143009.0 008 250321m19761983gw 001 0dger 035 $ab14109839-39ule_inst 040 $aBibl. Dip.le Aggr. Studi Umanistici - Sez. Filosofia$bita 082 1 $a936 245 14$aDie Germanen :$bGeschichte und Kultur der germanischen Stämme in Mitteleuropa : ein Handbuch in zwei Bänden /$causgearbeitet von einem Autorenkollektiv unter Leitung von Bruno Krüger 260 $aBerlin :$bAkademie-Verlag,$c1976-1983 300 $a2 v. :$bill. ;$c25 cm. 490 0 $aVeröffentlichungen des Zentralinstituts für Alte Geschichte und Archäologie der Akademie der Wissenschaften der DDR ;$v4 504 $aBibliografia: v. 1, p. 544-551. Indice 505 0 $g1.:$tVon den Anfängen bis zum 2. Jahrhundert unserer Zeitrechnung. - 1976.$g- 568 p. 505 0 $g2.: Die$tStämme und Stammesverbände in der Zeit vom 3. Jahrhundert bis zur Herausbildung der politischen Vorherrschaft der Franken. - 1983.$g- 713 p. 650 4$aCiviltà germanica 700 1 $aKrüger, Bruno 907 $a.b14109839$b02-04-14$c19-04-13 912 $a991002031379707536 945 $aLE005 Fondo Montinari 0009$cv. 1$g1$i2005000352089$lle005$og$pE25.00$q-$rn$s-$t0$u0$v0$w0$x0$y.i15501966$z19-04-13 945 $aLE005 Fondo Montinari 0009$cv. 2$g1$i2005000352096$lle005$og$pE25.00$q-$rn$s-$t0$u0$v0$w0$x0$y.i15501978$z19-04-13 996 $aGermanen$9264591 997 $aUNISALENTO 998 $ale005$b19-04-13$cm$da$e-$fger$gde$h4$i0